000 00551nas a22002171i#4500
001 2648
003 ES-MaACL
005 20250709062527.0
007 t|
008 950801s1883 sp a| | 1 ||pa d
080 _a059(460)
245 0 0 _aAlmanaque del hogar para el año.
260 _aBarcelona :
_b[s.n.],
_c1883- (
_fRedondo y Xumetra, impresores)
300 _a1 v. (244, [10] p.) ;
_c15 cm.
310 _aAnual
362 0 _a1883-
852 _aES-MaACL
_jT-406-F-2
866 1 _o1883.
942 _2udc
_cPERIODICA
999 _c2648
_d2648